00772nam a2200217Ia 4500003000900000008004100009020002200050040001600072080001900088100002700107245010500134260002900239300001500268490004300283650001900326650002200345650001600367942000700383999001700390952014700407IN-BaIIA211028s9999 xx 000 0 eng d a978-1-4614-9235-1 cIIA Library a531.5:524bKEE aKeeton, Charles936360 0aPrinciples of astrophysicsbusing gravity and stellar physics to explore the cosmoscCharles Keeton  aNew YorkbSpringerc2014 axxi, 434p. aUndergraduate lecture notes in physics aAstronom92958 aAstrophysics9794 aPhysics973 cBK c19042d19042 00104070aBANbBANcGENd2015-04-30eANJ g5560.00l1o531.5:524/ KEEp19964r2022-07-25s2022-06-27v5560.00w2015-04-30yBKGRs. 5560.00